00576nam a2200193Ia 4500003000400000005001700004008004100021020001800062040001800080041000800098082001900106100002000125245005600145250001200201260004400213300002900257650005500286650004100341OSt20260106134239.0210716s2017 xx 000 0 und d a9781785886188 cAIMIT LIBRARY aeng a005.767 bWINR aWinters, Ralph. aPractical predictive analytics /cBy Ralph Winters. a1st ed. aMumbai :bPackt Publishing Ltd ,c2017. axv,550 p.;bPBc24.3 cm. aIntroduction to decision trees clustering and svm aExploring large datasets using spark